00350nam a2200133Ia 4500008004100000041001200041082001600053100001800069245006400087260002500151300000800176650001600184700001600200221030s9999 xx 000 0 und d aEnglish a105.23bMal aA. P. Malvino 0aDigital Computer Electronicscby A. P. Malvino, J. A. Brown bTMHaNew Delhic1997 a522 aBE Computer aJ. A. Brown